000 01178nmm a2200337 a 4500
001 ocm0002347549
003 TR-IsHL
005 20201028185523.0
008 190822s2019 tu tur
007 cr cn
020 _a9786052814093
035 _a2347549
_b(N$T)
050 0 4 _aMT35
_b.D45 2019
090 0 4 _aMT35
_b.D45 2019
100 1 _aDemir, Gonca
245 1 0 _aTürk halk müziği fonetik notasyon sistemi/THMFNS'nin eğitsel/öğretisel uygulamalara aktarım/adaptasyon süreçlerinde kullanılması öngörülen modeller
_h[electronic resource] /
_cGonca Demir
250 _a1. Baskı
260 _aİstanbul :
_bHiperlink Yayınları,
_c2019
300 _a279 p.
500 _aKaynakça var
650 4 _aMüzik
650 4 _aMusic
650 0 _aMüzik
_x Eğitim ve çalışma
650 0 _aMusic
_x Instruction and study
650 0 _aMüzikal notasyon
650 0 _aMusical notation
650 0 _aHalk müziği
_x Türkiye
650 0 _aFolk music
_x Turkey
650 7 _aMUSIC / Genres & Styles / Folk & Traditional
_2bisacsh
856 4 0 _uhttp://search.ebscohost.com/login.aspx?direct=true&scope=site&db=e011xww&AN=2347549
999 _c21500
_d21500